000 00679nam a2200217 a 4500
003 BD-RjUL
005 20240320142014.0
008 240320s1963 nju 000 0 eng d
035 _a(BD-RjUL)
040 _aHAI
_beng
_cBD-RjUL
041 0 _aeng
082 _223
_a823.91
_bDHL 1963
245 1 0 _aD. H. Lawrence :
_ba collection of critical essays /
_cEdited by Mark spilka
260 _aEnglewood Cliffs, N.J. :
_bPrentice-Hall,
_cc1963.
300 _a182 p. ;
_c21 cm.
490 1 _aTwentieth century views
600 1 4 _aLawrence, D. H.
_q(David Herbert),
_d1885-1930.
_911578
700 _aSpilka, Mark
_912451
830 0 _aTwentieth century views
_912452
942 _2ddc
_cBK
999 _c83428
_d83428